Word Ladder: Toula Loves Ian Quiz Stats

Quiz Updated May 13, 2016

Challenge
Share
Tweet
Embed
Score 0/20 Timer 02:00
5 Plays Today
Hint 3-Letter Word % Correct
● Large ●● BIG ●
97.3%
A great distance awayFAR
97.2%
Rock band: ___ ZeppelinLED
96%
● Join in marriage ●● WED ●
94.7%
Flying mammalBAT
94.7%
● Fruity cocktail: ___ tai ●● MAI ●
94%
Horse mouthpieceBIT
93.3%
● Corpulent ●● FAT ●
92.4%
Make a mistakeERR
90.1%
Animal lairDEN
85.4%
Hint 3-Letter Word % Correct
Very smallWEE
85%
Category of Russian military aircraftMiG
84.7%
● Growling sound from an animal ●● GRR ●
84.3%
Gun's cartridge chamber, for shortMAG
84%
Predatory freshwater fishGAR
83.3%
Snider, Bradley Baker, or Wallace, e.g.DEE
76.9%
● Unpleasantly loud and prolonged noise ●● DIN ●
71.1%
Poetic contraction meaning alwaysE'ER
63.5%
● Expression of alarm; '90s cartoon cat ●● EEK ●
53.6%
Albanian currencyLEK
51.9%

Today's Daily Dose

Word Ladder
'90s Movies

Quick Pick
'Fire' Movies

On This Day
June 19th II

You're not logged in!

Compare scores with friends on all Sporcle quizzes.
Join for Free
OR
Log In

You Might Also Like...

Show Comments

Extras

Top Quizzes Today


Score Distribution

Your Account Isn't Verified!

In order to create a playlist on Sporcle, you need to verify the email address you used during registration. Go to your Sporcle Settings to finish the process.

Report this User

Report this user for behavior that violates our Community Guidelines.

Details: